<?xml version="1.0" encoding="UTF-8"?>
<record
    xmlns:xsi="http://www.w3.org/2001/XMLSchema-instance"
    xsi:schemaLocation="http://www.loc.gov/MARC21/slim http://www.loc.gov/standards/marcxml/schema/MARC21slim.xsd"
    xmlns="http://www.loc.gov/MARC21/slim">

  <leader>00474    a2200157   4500</leader>
  <controlfield tag="005">20250428143525.0</controlfield>
  <datafield tag="020" ind1=" " ind2=" ">
    <subfield code="a">978-0-07-302743-2</subfield>
  </datafield>
  <datafield tag="082" ind1=" " ind2=" ">
    <subfield code="a">658  GOM</subfield>
  </datafield>
  <datafield tag="100" ind1=" " ind2=" ">
    <subfield code="a">GOMEZ-MEJIA, L .R .</subfield>
  </datafield>
  <datafield tag="245" ind1=" " ind2=" ">
    <subfield code="a">Management : People,  Performance,  Change</subfield>
  </datafield>
  <datafield tag="250" ind1=" " ind2=" ">
    <subfield code="a">3rd Ed.</subfield>
  </datafield>
  <datafield tag="260" ind1=" " ind2=" ">
    <subfield code="a">Boston,</subfield>
    <subfield code="b">McGraw -Hill,</subfield>
    <subfield code="c">2008.</subfield>
  </datafield>
  <datafield tag="300" ind1=" " ind2=" ">
    <subfield code="a">xxxviii, 773p.: ill.; figure, picture,</subfield>
    <subfield code="b">glossary, reference &amp;  index,</subfield>
    <subfield code="c">28cm.</subfield>
  </datafield>
  <datafield tag="700" ind1=" " ind2=" ">
    <subfield code="a">BALKIN, D. B .   &amp;  CARDY, R .L .</subfield>
  </datafield>
  <datafield tag="942" ind1=" " ind2=" ">
    <subfield code="2">ddc</subfield>
    <subfield code="c">BKS</subfield>
  </datafield>
  <datafield tag="999" ind1=" " ind2=" ">
    <subfield code="c">1723</subfield>
    <subfield code="d">1723</subfield>
  </datafield>
  <datafield tag="952" ind1=" " ind2=" ">
    <subfield code="r">2025-04-28 14:42:55</subfield>
    <subfield code="l">0</subfield>
    <subfield code="o">658  GOM</subfield>
    <subfield code="p">0000006586</subfield>
    <subfield code="v">180000.00</subfield>
    <subfield code="w">2025-04-28</subfield>
    <subfield code="y">BKS</subfield>
    <subfield code="1">0</subfield>
    <subfield code="2">ddc</subfield>
    <subfield code="4">0</subfield>
    <subfield code="7">0</subfield>
    <subfield code="0">0</subfield>
    <subfield code="a">CBEML</subfield>
    <subfield code="b">CBEML</subfield>
    <subfield code="c">GEN</subfield>
    <subfield code="d">2025-04-28</subfield>
    <subfield code="g">60000.00</subfield>
  </datafield>
  <datafield tag="952" ind1=" " ind2=" ">
    <subfield code="r">2025-04-28 14:42:55</subfield>
    <subfield code="l">0</subfield>
    <subfield code="o">658  GOM</subfield>
    <subfield code="p">0000006587</subfield>
    <subfield code="v">180000.00</subfield>
    <subfield code="w">2025-04-28</subfield>
    <subfield code="y">BKS</subfield>
    <subfield code="1">0</subfield>
    <subfield code="2">ddc</subfield>
    <subfield code="4">0</subfield>
    <subfield code="7">0</subfield>
    <subfield code="0">0</subfield>
    <subfield code="a">CBEML</subfield>
    <subfield code="b">CBEML</subfield>
    <subfield code="c">GEN</subfield>
    <subfield code="d">2025-04-28</subfield>
    <subfield code="g">60000.00</subfield>
  </datafield>
  <datafield tag="952" ind1=" " ind2=" ">
    <subfield code="r">2025-04-28 14:42:55</subfield>
    <subfield code="l">0</subfield>
    <subfield code="o">658  GOM</subfield>
    <subfield code="p">0000006588</subfield>
    <subfield code="v">180000.00</subfield>
    <subfield code="w">2025-04-28</subfield>
    <subfield code="y">BKS</subfield>
    <subfield code="1">0</subfield>
    <subfield code="2">ddc</subfield>
    <subfield code="4">0</subfield>
    <subfield code="7">0</subfield>
    <subfield code="0">0</subfield>
    <subfield code="a">CBEML</subfield>
    <subfield code="b">CBEML</subfield>
    <subfield code="c">GEN</subfield>
    <subfield code="d">2025-04-28</subfield>
    <subfield code="g">60000.00</subfield>
  </datafield>
  <datafield tag="952" ind1=" " ind2=" ">
    <subfield code="r">2025-04-28 14:42:55</subfield>
    <subfield code="l">0</subfield>
    <subfield code="o">658  GOM</subfield>
    <subfield code="p">0000006589</subfield>
    <subfield code="v">180000.00</subfield>
    <subfield code="w">2025-04-28</subfield>
    <subfield code="y">BKS</subfield>
    <subfield code="1">0</subfield>
    <subfield code="2">ddc</subfield>
    <subfield code="4">0</subfield>
    <subfield code="7">0</subfield>
    <subfield code="0">0</subfield>
    <subfield code="a">CBEML</subfield>
    <subfield code="b">CBEML</subfield>
    <subfield code="c">GEN</subfield>
    <subfield code="d">2025-04-28</subfield>
    <subfield code="g">60000.00</subfield>
  </datafield>
  <datafield tag="952" ind1=" " ind2=" ">
    <subfield code="r">2025-04-28 14:42:55</subfield>
    <subfield code="l">0</subfield>
    <subfield code="o">658  GOM</subfield>
    <subfield code="p">0000006590</subfield>
    <subfield code="v">180000.00</subfield>
    <subfield code="w">2025-04-28</subfield>
    <subfield code="y">BKS</subfield>
    <subfield code="1">0</subfield>
    <subfield code="2">ddc</subfield>
    <subfield code="4">0</subfield>
    <subfield code="7">0</subfield>
    <subfield code="0">0</subfield>
    <subfield code="a">CBEML</subfield>
    <subfield code="b">CBEML</subfield>
    <subfield code="c">GEN</subfield>
    <subfield code="d">2025-04-28</subfield>
    <subfield code="g">60000.00</subfield>
  </datafield>
  <datafield tag="952" ind1=" " ind2=" ">
    <subfield code="r">2025-04-28 14:42:55</subfield>
    <subfield code="l">0</subfield>
    <subfield code="o">658  GOM</subfield>
    <subfield code="p">0000006591</subfield>
    <subfield code="v">180000.00</subfield>
    <subfield code="w">2025-04-28</subfield>
    <subfield code="y">BKS</subfield>
    <subfield code="1">0</subfield>
    <subfield code="2">ddc</subfield>
    <subfield code="4">0</subfield>
    <subfield code="7">0</subfield>
    <subfield code="0">0</subfield>
    <subfield code="a">CBEML</subfield>
    <subfield code="b">CBEML</subfield>
    <subfield code="c">GEN</subfield>
    <subfield code="d">2025-04-28</subfield>
    <subfield code="g">60000.00</subfield>
  </datafield>
  <datafield tag="952" ind1=" " ind2=" ">
    <subfield code="r">2025-04-28 14:42:55</subfield>
    <subfield code="l">0</subfield>
    <subfield code="o">658  GOM</subfield>
    <subfield code="p">0000006592</subfield>
    <subfield code="v">180000.00</subfield>
    <subfield code="w">2025-04-28</subfield>
    <subfield code="y">BKS</subfield>
    <subfield code="1">0</subfield>
    <subfield code="2">ddc</subfield>
    <subfield code="4">0</subfield>
    <subfield code="7">0</subfield>
    <subfield code="0">0</subfield>
    <subfield code="a">CBEML</subfield>
    <subfield code="b">CBEML</subfield>
    <subfield code="c">GEN</subfield>
    <subfield code="d">2025-04-28</subfield>
    <subfield code="g">60000.00</subfield>
  </datafield>
  <datafield tag="952" ind1=" " ind2=" ">
    <subfield code="r">2025-04-28 14:42:55</subfield>
    <subfield code="l">0</subfield>
    <subfield code="o">658  GOM</subfield>
    <subfield code="p">0000006593</subfield>
    <subfield code="v">180000.00</subfield>
    <subfield code="w">2025-04-28</subfield>
    <subfield code="y">BKS</subfield>
    <subfield code="1">0</subfield>
    <subfield code="2">ddc</subfield>
    <subfield code="4">0</subfield>
    <subfield code="7">0</subfield>
    <subfield code="0">0</subfield>
    <subfield code="a">CBEML</subfield>
    <subfield code="b">CBEML</subfield>
    <subfield code="c">GEN</subfield>
    <subfield code="d">2025-04-28</subfield>
    <subfield code="g">60000.00</subfield>
  </datafield>
</record>
